000 00903cab a2200241 4500
001 X95468
008 090401t1998 xxu||||| |||| 00| 0 eng d
035 _a(Sirsi) u90125
041 _aeng
245 _aTaylor Woodrow Civil Engineering Ltd v Hutchinson IDH Development Ltd
260 _c1998
350 _a0
490 _aConstruction Industry Law Letter
_v[1998] CILL 1434-1436(3)
520 _aQBD 25 June 1998. Agreement to appeal on questions of law persuant to the Arbitration Act 1979 applies to the Arbitration Act 1996.
650 _aARBITRATION ACT 1979
650 _aARBITRATION ACT 1996
650 _aSOCIETY OF CONSTUCTION ARBITRATORS CONSTRUCTION INDUSTRY MODEL ARBITRATION RULES
650 _aJCT INTERMEDIATE FORM
650 _aTAYLOR WOODROW CIVIL ENGINEERING LTD V HUTCHINSON IDH DEVELOPMENT LTD
690 _aARBITRATION-CASE LAW
942 _n0
948 _c03/12/1998
999 _c57087
_d57087